| 000 | 00447cam a2200181ua 4500 | ||
|---|---|---|---|
| 020 | _c1.00 | ||
| 041 |
_ahin _h |
||
| 082 |
_a891.54 _bVIN/GU |
||
| 100 | _aVinod, Chandra panday . | ||
| 245 |
_aGuru Dakshina / _cChandra pandey vinod. _hTextual Documents |
||
| 250 |
_a5 / _b. |
||
| 260 |
_aIlahabad : _bRamanarayan lal Beni prasad , _c1965. |
||
| 300 | _a66 ; . | ||
| 365 | _a1.00 | ||
| 504 | _a | ||
| 942 | _cBK | ||
| 999 |
_c3725 _d3725 |
||